<?xml version="1.0" encoding="UTF-8"?>
<record
    xmlns:xsi="http://www.w3.org/2001/XMLSchema-instance"
    xsi:schemaLocation="http://www.loc.gov/MARC21/slim http://www.loc.gov/standards/marcxml/schema/MARC21slim.xsd"
    xmlns="http://www.loc.gov/MARC21/slim">

  <leader>01314nam a2200301 i 4500</leader>
  <controlfield tag="003">DO-SdBNP</controlfield>
  <controlfield tag="005">20230719080940.0</controlfield>
  <controlfield tag="006">a||||gr|||| 00| 0 </controlfield>
  <controlfield tag="007">ta</controlfield>
  <controlfield tag="008">230704t2000    dr adbo| |||| 00| 0 spa d</controlfield>
  <datafield tag="020" ind1=" " ind2=" ">
    <subfield code="a">9994540038x</subfield>
  </datafield>
  <datafield tag="040" ind1=" " ind2=" ">
    <subfield code="a">DO-SdBNP</subfield>
    <subfield code="b">spa</subfield>
    <subfield code="c">BNPHU</subfield>
    <subfield code="e">rda</subfield>
  </datafield>
  <datafield tag="082" ind1=" " ind2="4">
    <subfield code="2">22</subfield>
    <subfield code="b">H557h</subfield>
  </datafield>
  <datafield tag="245" ind1=" " ind2=" ">
    <subfield code="a">Historia y Geograf&#xED;a dominicana de hoy:</subfield>
    <subfield code="b">segundo grado. segundo ciclo del nivel medio. /</subfield>
    <subfield code="c">Ricardo Hen&#xE1;ndez, Alejandro Hern&#xE1;ndez Grull&#xF3;n; colaboradores: Benito Garc&#xED;a, Henry Ml. Vargas; ilustraciones y fotograf&#xED;as: Ram&#xF3;n Sandoval, Deyanira Feliz Moreno, producci&#xF3;n editorial: Mar&#xED;a de Jes&#xFA;s de la Rosa </subfield>
  </datafield>
  <datafield tag="264" ind1=" " ind2=" ">
    <subfield code="a">Santo Domingo :</subfield>
    <subfield code="b">Actualidad Escolar,</subfield>
    <subfield code="c">&#xA9;2000</subfield>
  </datafield>
  <datafield tag="300" ind1=" " ind2=" ">
    <subfield code="a">224 p&#xE1;ginas :</subfield>
    <subfield code="c">Ilustraciones, gr&#xE1;ficas, mapas, fotograf&#xED;as ;</subfield>
    <subfield code="e">28 cm</subfield>
  </datafield>
  <datafield tag="336" ind1=" " ind2=" ">
    <subfield code="2">rdaconten</subfield>
    <subfield code="a">texto</subfield>
    <subfield code="b">txt</subfield>
  </datafield>
  <datafield tag="337" ind1=" " ind2=" ">
    <subfield code="2">rdamedia</subfield>
    <subfield code="a">sin medici&#xF3;n</subfield>
    <subfield code="b">n</subfield>
  </datafield>
  <datafield tag="338" ind1=" " ind2=" ">
    <subfield code="2">rdacarrier</subfield>
    <subfield code="a">volumen</subfield>
    <subfield code="b">nc</subfield>
  </datafield>
  <datafield tag="504" ind1=" " ind2=" ">
    <subfield code="a">224</subfield>
  </datafield>
  <datafield tag="700" ind1="1" ind2=" ">
    <subfield code="9">44157</subfield>
    <subfield code="a">Hern&#xE1;ndez Grull&#xF3;n, Alejandro</subfield>
  </datafield>
  <datafield tag="700" ind1="1" ind2=" ">
    <subfield code="a">Garc&#xED;a, Benito,</subfield>
    <subfield code="e">colaborador</subfield>
    <subfield code="9">83684</subfield>
  </datafield>
  <datafield tag="700" ind1="1" ind2=" ">
    <subfield code="a">Vargas, Henry Ml.,</subfield>
    <subfield code="e">colaborador</subfield>
    <subfield code="9">83685</subfield>
  </datafield>
  <datafield tag="700" ind1="1" ind2=" ">
    <subfield code="9">10955</subfield>
    <subfield code="a">Sandoval, Ram&#xF3;n,</subfield>
    <subfield code="e">ilustraciones, fotograf&#xED;as</subfield>
  </datafield>
  <datafield tag="700" ind1="1" ind2=" ">
    <subfield code="a">F&#xE9;liz Moreno, Deyanira,</subfield>
    <subfield code="e">ilustraciones, fotograf&#xED;as</subfield>
    <subfield code="9">73056</subfield>
  </datafield>
  <datafield tag="700" ind1="1" ind2=" ">
    <subfield code="9">29833</subfield>
    <subfield code="a">Jes&#xFA;s de la Rosa, Mar&#xED;a del,</subfield>
    <subfield code="e">editor</subfield>
  </datafield>
  <datafield tag="942" ind1=" " ind2=" ">
    <subfield code="2">ddc</subfield>
    <subfield code="c">LBS1</subfield>
  </datafield>
  <datafield tag="952" ind1=" " ind2=" ">
    <subfield code="0">0</subfield>
    <subfield code="1">0</subfield>
    <subfield code="2">ddc</subfield>
    <subfield code="5">1</subfield>
    <subfield code="7">0</subfield>
    <subfield code="8">PD</subfield>
    <subfield code="a">BNPHU</subfield>
    <subfield code="b">BNPHU</subfield>
    <subfield code="c">CT</subfield>
    <subfield code="d">2020-05-27</subfield>
    <subfield code="e">Donado por Salvador Dur&#xE1;n</subfield>
    <subfield code="l">0</subfield>
    <subfield code="o">H557h</subfield>
    <subfield code="p">2023-3046</subfield>
    <subfield code="r">2023-07-04</subfield>
    <subfield code="w">2023-07-04</subfield>
    <subfield code="y">LBS1</subfield>
  </datafield>
  <datafield tag="999" ind1=" " ind2=" ">
    <subfield code="c">54080</subfield>
    <subfield code="d">54080</subfield>
  </datafield>
</record>
